01371nam a2200313 a 450000100060000000300080000600500170001400800410003102000450007203500190011704000270013604100080016308200350017124502570020626000520046330000330051549000340054850000710058250400530065365000450070665000380075165000650078965000400085465000410089470000190093570000330095471000360098783000340102373373BD-RjUL20211209082404.0170530s1990 ii a b f000 0 eng d c: Inland: IRs.190.00 ; Foreign: $27.00  a(BD-RjUL)73591 aDLCcDLCdBD-RjULbeng aeng00223a590.7230954bREC 1990(HAZ)00aRecords of the Zoological Survey of India: bEcology of subterrenean macro and micro arthropod fauna in different degraded and polluted soil environment of West Bengal, India /cby A. K. Hazra and D. K. Choudhuri ; Edited by Zoological Survey of India aCalcutta :bZoological Survey of India,cc1990. avi, 295 p. :bill. ;c26 cm.1 aOccasional paper ; vno. 120. aStudy with particular reference to mites (Acarina) and Collembola. aIncludes bibliographical references [p. 281-295] 0aArthropodaxEcologyzIndiazWest Bengal. 0aSoil ecologyzIndiazWest Bengal. 0aSoil degradationxEnvironmental aspectszIndiazWest Bengal. 0aSoil pollutionzIndiazWest Bengal. 0aZoologyxDescriptive ResearchzIndia aHazra, A. K.  aChoudhuri, D. K. , jt. auth. aZoological Survey of India, ed. 0aOccasional paper ; vno. 120.